|
|
|
|
| LEADER |
00000cam a2200000 a 4500 |
| 001 |
vtls008743363 |
| 003 |
SK-MaSNL |
| 005 |
20260301205550.0 |
| 008 |
250313s1940 xo 000 p slo |
| 015 |
|
|
|a SNBA1940
|
| 035 |
|
|
|a urn:nbn:sk:snk-am00d685
|
| 035 |
|
|
|a urn:nbn:sk:snk-am3hr21
|
| 035 |
|
|
|a 3D3B25D6-B9C9-49AD-8486-3853A5EF1716
|
| 040 |
|
|
|a SNK
|b slo
|c SNK
|e AACR2
|
| 040 |
|
|
|a SNK
|e AACR2
|b slo
|c SNK
|
| 041 |
0 |
|
|a slo
|
| 044 |
|
|
|a xo
|c SK
|
| 100 |
1 |
|
|a Kopečný, Viliam,
|d 1899-1980
|4 aut
|9 152571
|
| 245 |
1 |
|
|a Struny vo víchrici
|b básne
|c Viliam Kopečný
|
| 250 |
|
|
|a 1. vyd.
|
| 260 |
|
|
|a Liptovský Sv. Mikuláš
|b Tranoscius
|c 1940
|
| 300 |
|
|
|a 52 s.
|c 20 cm
|
| 655 |
|
7 |
|a slovenská poézia
|2 SNKPH
|9 70444
|
| 852 |
|
|
|a Slovenská národná knižnica
|
| 954 |
|
|
|a beletria pôvodná (slovenská)
|2 lita
|
| 958 |
|
|
|a OND
|
| 999 |
|
|
|c 910591
|d 912521
|
| 952 |
|
|
|a SNK
|b SNK
|y VYP
|7 0
|p 17A0546390
|o snkSD 4535 D1
|i snkXI. 2551/55
|3 rekatalogizácia
|0 0
|1 0
|4 0
|d 2007-04-21
|l 0
|r 2026-02-24 07:42:05
|w 2026-02-24
|
| 952 |
|
|
|a SNK
|b SNK
|y VYP
|7 0
|p 17A0546888
|o snkSD 4535 D2
|i snkD 1238/69
|8 1
|3 rekatalogizácia
|0 0
|1 0
|4 0
|d 2007-04-21
|l 0
|r 2026-02-24 07:42:05
|w 2026-02-24
|
| 952 |
|
|
|a SNK
|b SNK
|y PREZ
|7 0
|p 17A0896215
|o snkSD 4535
|i snk1152/40
|0 0
|1 0
|4 0
|d 2018-05-04
|f 1
|l 0
|r 2025-11-10 00:00:00
|w 2026-02-24
|